Countries that end in D - Statistics

General Stats
  • This quiz has been taken 139 times
  • The average score is 6 of 8
Answer Stats
Answer % Correct
Iceland
91%
Finland
86%
Ireland
86%
Thailand
74%
Poland
69%
Switzerland
66%
New Zealand
56%
Chad
40%
No matching quizzes found
Score Distribution
Percent of People with Each Score
Percentile by Number Answered
Your Score History
You have not taken this quiz